000 00467nam a2200193Ia 4500
005 20250603145834.0
008 250603s9999 xx 000 0 und d
020 _a9781496354006
050 _aRB 145 .R63/
100 _aRodgers, Griffin P.
245 4 _aThe bethesda handbook of clinical hematology
250 _a4th ed.
260 _aPhiladelphia
260 _bWolter Kluwer
260 _c2019
300 _a502 p
650 _aPhiladelphia
942 _cBK
999 _c43007
_d43007